000 00375nam a2200145Ia 4500
005 20251222141838.0
008 251222s9999||||xx |||||||||||||| ||spa||
020 _a9789871305223
082 _a027.4/F43
100 _aFerreira dos Santos, Vanda
245 0 _aBiblioteca Pública y Desarrollo Económico
250 _a1ra. ed.
264 _bAlfagrama Ediciones
942 _cLIB
999 _c7337
_d7337